Key thinkers rom critical theory to post-Marxism (Record no. 184596)
[ view plain ]
| 000 -LEADER | |
|---|---|
| fixed length control field | 00538nam a22001937a 4500 |
| 020 ## - INTERNATIONAL STANDARD BOOK NUMBER | |
| ISBN | 978-0-7619-6763-7 |
| 041 ## - LANGUAGE CODE | |
| Language code of text/sound track or separate title | eng |
| 082 ## - DEWEY DECIMAL CLASSIFICATION NUMBER | |
| Edition number | 23rd. |
| Classification number | 335.4 |
| Item number | TOR |
| 100 ## - MAIN ENTRY--AUTHOR NAME | |
| Personal name | Tormey, Simon |
| 245 ## - TITLE STATEMENT | |
| Title | Key thinkers rom critical theory to post-Marxism |
| Statement of responsibility, etc | Simon Tormey and Jules Townshend |
| 260 ## - PUBLICATION, DISTRIBUTION, ETC. (IMPRINT) | |
| Place of publication | London |
| Name of publisher | SAGE |
| Year of publication | 2011 |
| 300 ## - PHYSICAL DESCRIPTION | |
| Number of Pages | vi,234p.; |
| Dimensions | 24cm. |
| 650 ## - SUBJECT ADDED ENTRY--TOPICAL TERM | |
| Topical Term | Communism |
| 650 ## - SUBJECT ADDED ENTRY--TOPICAL TERM | |
| Topical Term | Postmodernism-Political aspects |
| 700 ## - ADDED ENTRY--PERSONAL NAME | |
| Personal name | Townshend, Jules |
| 856 ## - ELECTRONIC LOCATION AND ACCESS | |
| Uniform Resource Identifier | www.sagepublications.com |
| 942 ## - ADDED ENTRY ELEMENTS (KOHA) | |
| Koha item type | Books |
| Withdrawn status | Lost status | Damaged status | Collection code | Home library | Current library | Shelving location | Date acquired | Full call number | Accession Number | Koha item type |
|---|---|---|---|---|---|---|---|---|---|---|
| SOCIOLOGY | North Eastern Hill University | North Eastern Hill University | General Stacks | 07/04/2026 | 335.4 TOR | 500299 | Books |
